000 00696nam a2200241Ia 4500
003 OSt
005 20220925224942.0
006 a|||||r|||| 00| 0
007 ta
008 220923b |||||||| |||| 00| 0 eng d
037 _cGeneral Book
040 _aRTL
_cRTL
_beng
041 _2eng
_aeng
082 _aU213:(G:55), N7
100 _aFrench Peter W
_9289426
245 0 _aCoastal and estuarine management
260 _aLondon
_bRoutledge U K
_c1997
300 _axv,251p. Bib p. 223-43
_ccm.
490 _aRoutledge Environmental Management Series
650 _aGeomorphology
942 _hU213:(G:55), N7
_cGB
_2CC
999 _c582666
_d582666